[Event "Dhaka Al Mahmud Memorial"]
[Site "Dhaka"]
[Date "2022.02.05"]
[Round "1"]
[White "Sakline Mostafa, Sajid"]
[Black "Bablu, Sheikh"]
[Result "1-0"]
[WhiteElo "2089"]
[BlackElo "1698"]
[PlyCount "87"]
[EventDate "2022.02.05"]
[EventType "swiss"]
[EventRounds "9"]
[EventCountry "BAN"]
[SourceTitle "EXT 2023"]
[Source "ChessBase"]
[SourceDate "2022.10.05"]
[SourceVersion "1"]
[SourceVersionDate "2022.10.05"]
[SourceQuality "1"]

1. d4 d5 2. c4 e6 3. Nf3 c6 4. e3 Bd6 5. Nc3 Nf6 6. Be2 Nbd7 7. 0-0 0-0 8. b3 b6 9. Bb2 Bb7 10. Bd3 Rc8 11. Rc1 Qe7 12. e4 dxe4 13. Nxe4 Nxe4 14. Bxe4 f5 15. Bb1 h6 16. Re1 Qf7 17. Qc2 Rfe8 18. Ne5 Bxe5 19. dxe5 Nf8 20. c5 Ng6 21. Qc3 b5 22. Red1 Rcd8 23. Rd6 Ne7 24. Qg3 Nc8 25. Rdd1 Rd7 26. Qh4 Red8 27. Qxd8+ Rxd8 28. Rxd8+ Kh7 29. Rcd1 Qh5 30. f3 Qh4 31. R8d4 Qe7 32. b4 Qg5 33. Bc1 Qg6 34. Rd7 Ba6 35. Rc7 h5 36. Rd4 Kg8 37. Kf2 h4 38. Rxh4 Qe8 39. Rd4 Ne7 40. Rdd7 Nd5 41. Rxg7+ Kf8 42. Rxa7 Nxb4 43. Bh6 Bc8 44. Rge7+ 1-0